00320nam a2200097 a 450000500170000000800410001705000120005824500310007099900190010195201020012020140414132010.0110309s19uu xx 00 eng d aCDbC61 aClifford songs and chants. c113261d113261 001040aMUbMUcAVd2011-03-09eBkRewardl0oCD C61pM4791r2014-04-14 00:00:00w2014-04-14yAVM